| 000 | 00374nam a2200157Ia 4500 | ||
|---|---|---|---|
| 008 | 230711s9999||||xx |||||||||||||| ||und|| | ||
| 041 | _aENG | ||
| 082 |
_a720 _bAU-P |
||
| 100 | _aAustin,C | ||
| 245 | 0 | _aPlanning for CAD systems | |
| 250 | _a1st | ||
| 260 |
_c1991 _aNew Delhi _bTata McGraw Hill Education Limited |
||
| 300 | _a159 | ||
| 650 | _aArchitecture | ||
| 942 | _cBK | ||
| 999 |
_c2820 _d2820 |
||